Music Quiz

Random Music or Billboard Quiz

First Hit Song Quiz Stats

 Plays Quiz Updated May 30, 2019

Score 0/30 Timer 06:00
5 Plays Today
Song Artist % Correct
Like A VirginMadonna
93.1%
...Baby One More TimeBritney Spears
87.8%
SexyBackJustin Timberlake
85.1%
Livin' La Vida LocaRicky Martin
83.5%
I Want to Hold Your HandThe Beatles
82.1%
(I Can't Get No) SatisfactionThe Rolling Stones
79.5%
Sweet Child o' MineGuns N' Roses
79.4%
Lose YourselfEminem
76.6%
MMMBopHanson
74.9%
Every Breath You TakeThe Police
74.5%
You Give Love a Bad NameBon Jovi
73.5%
Gold DiggerKanye West
72.5%
Hot In HerreNelly
72.4%
Gettin' Jiggy wit ItWill Smith
71.2%
Heartbreak HotelElvis Presley
68.4%
Song Artist % Correct
With Or Without YouU2
68%
Light My FireThe Doors
61.4%
JumpVan Halen
60.5%
PromiscuousNelly Furtado
50.5%
BenMichael Jackson
47.3%
It's Still Rock and Roll to MeBilly Joel
47%
Money for NothingDire Straits
43.9%
Bills, Bills, BillsDestiny's Child
42.9%
The SignAce of Base
39.8%
CreepTLC
33.1%
When I Think of YouJanet Jackson
31.4%
Vision of LoveMariah Carey
28.8%
Best of My LoveEagles
28.4%
If You Had My LoveJennifer Lopez
25.3%
Nice And SlowUsher
20.6%

You're not logged in!

Compare scores with friends on all Sporcle quizzes.
OR
Log In

Sporcle TV

Today on Sporcle TV


Watch our educational content, quiz creation guides, and fun videos on Sporcle TV.

Show Comments

Extras

Top Quizzes Today


Score Distribution

Your Account Isn't Verified!

In order to create a playlist on Sporcle, you need to verify the email address you used during registration. Go to your Sporcle Settings to finish the process.

Report this User

Report this user for behavior that violates our Community Guidelines.

Details: